Un Musicien = Un Groupe (Metal) - Statistiques

Statistiques générales
  • Ce quiz a été pris 174 fois
  • Le résultat moyen est 8 sur 20
Statistiques - réponses
Hint Réponse % Correct
Kirk Hammett (Guitariste) Metallica
90%
Mario Duplantier (Batteur) Gojira
84%
Steve Harris (Bassiste) Iron Maiden
62%
Vinnie Paul (Batteur) Pantera
59%
Herman Li (Guitariste) DragonForce
55%
John Petrucci (Guitariste) Dream Theater
55%
Marty Friedman (Guitariste) Megadeth
55%
Tom Araya (Basse et Chant) Slayer
55%
Chuck Schuldiner (Guitare et Chant) Death
39%
Robb Flynn (Guitare et Chant) Machine Head
36%
Bill Ward (Batteur) Black Sabbath
34%
Andreas Kisser (Guitariste) Sepultura
33%
Charlie Benante (Batteur) Anthrax
29%
Tim Commerford (Bassiste) Rage Against The Machine
29%
Alex Skolnick (Guitariste) Testament
19%
Paul Quinn (Guitariste) Saxon
17%
Dean Pleasants (Guitariste) Suicidal Tendencies
11%
Darren Travis (Guitare et Chant) Sadus
9%
Waldemar Sorychta (Guitariste) Grip Inc
8%
Carlos Cruz (Batteur) Warbringer
6%
Aucun quiz correspondant
Distribution des résultats
% des personnes avec chaque résultat
Percentile par nombre de réponses
Votre historique - résultats
Vous n’avez pas pris ce quiz